000 00348nam a2200121 4500
999 _c9960
_d9960
008 180724b ||||| |||| 00| 0 eng d
100 _929418
_aYap, Tara
245 _aWestern Visayas tourist arrivals surpass target/
_cTara Yap
260 _aPhilippines
_bManila Bulletin
_cc2016
300 _apage 16.
650 0 _929419
_aTourism.
942 _2ddc
_cPER